000 00382nam a2200157Ia 4500
008 131103s9999 xx 000 0 und d
040 _aLoreto College
041 _aEnglish
082 _aMIS/PAU
_bLCBED/9093
245 _aHope for the flowers
260 _aNew York
_bPaulist
_c1972
300 _a152p.
_b ill.
_c 23cm.
650 _aMis
850 _aLCBED/MIS/PAU
942 _cBK
999 _c34525
_d85004